<?xml version="1.0" encoding="UTF-8"?>
<record
    xmlns:xsi="http://www.w3.org/2001/XMLSchema-instance"
    xsi:schemaLocation="http://www.loc.gov/MARC21/slim http://www.loc.gov/standards/marcxml/schema/MARC21slim.xsd"
    xmlns="http://www.loc.gov/MARC21/slim">

  <leader>02898nam a2200277 a 4500</leader>
  <controlfield tag="001">000083244</controlfield>
  <controlfield tag="005">20200120224808.0</controlfield>
  <controlfield tag="008">170726s2016    ck ab||gr|||||000 ||spa d</controlfield>
  <datafield tag="020" ind1=" " ind2=" ">
    <subfield code="a">9789588461779</subfield>
  </datafield>
  <datafield tag="041" ind1="0" ind2=" ">
    <subfield code="a">spa</subfield>
  </datafield>
  <datafield tag="043" ind1=" " ind2=" ">
    <subfield code="a">s-ck---</subfield>
  </datafield>
  <datafield tag="082" ind1="0" ind2="4">
    <subfield code="a">364.151</subfield>
    <subfield code="b">C15</subfield>
    <subfield code="2">21</subfield>
  </datafield>
  <datafield tag="100" ind1="1" ind2=" ">
    <subfield code="a">Campos Zornosa, Yezid</subfield>
    <subfield code="d">1980-</subfield>
  </datafield>
  <datafield tag="245" ind1="1" ind2="0">
    <subfield code="a">El baile rojo :</subfield>
    <subfield code="b">relatos no contados del genocidio de la UP.</subfield>
  </datafield>
  <datafield tag="250" ind1=" " ind2=" ">
    <subfield code="a">1a. ed.</subfield>
  </datafield>
  <datafield tag="260" ind1=" " ind2=" ">
    <subfield code="a">Bogot&#xE1;.</subfield>
  </datafield>
  <datafield tag="300" ind1=" " ind2=" ">
    <subfield code="a">270 p&#xE1;ginas :</subfield>
    <subfield code="b">ilustraciones, fotograf&#xED;as en blanco y negro</subfield>
    <subfield code="e">Cd-Room</subfield>
  </datafield>
  <datafield tag="490" ind1=" " ind2="0">
    <subfield code="a">Plan Nacional de Lectura y Escritura Leer es mi cuento</subfield>
  </datafield>
  <datafield tag="500" ind1=" " ind2=" ">
    <subfield code="a">T&#xED;tulo Cd: Memoria de los silenciados</subfield>
  </datafield>
  <datafield tag="505" ind1="0" ind2=" ">
    <subfield code="g">Un coro a mil voces / Gonzalo S&#xE1;nchez; Introducci&#xF3;n 1. Pero ya no nos daba tanto miedo como rabia / Imelda Daza Cotes; 2. Familia Ca&#xF1;&#xF3;n Trujillo: Todo se viv&#xED;a en paz, hab&#xED;a una paz pura / Mar&#xED;a del Carmen Trujillo, esposa de Julio Ca&#xF1;&#xF3;n L&#xF3;pez 3. Pero vivo para volver / A&#xED;da Abella Esquivel 4. Familia Palacios Romero: He sabido perdonar / Yolanda Palacios, hija de Antonio y Berlamina ; Es muy tenaz para que cambie Colombia / Marcela, hija de Yolanda Palacios ; Eran muy buenas personas, gente de bien / Rosa Mora vecina y amiga de la familia Palacios 5. El plan de Baile Rojo / Jahel Quiroga Carrillo 6. Miguel &#xC1;ngel D&#xED;az: Nada justifica la desaparici&#xF3;n / Gloria Mancilla, esposa de Miguel &#xC1;ngel D&#xED;az; No entend&#xED;amos por qu&#xE9; / Luisa Fernanda, hija mayor de Gloria y Miguel &#xC1;ngel; Yo s&#xED; pienso volver / Juliana, hija menor de Gloria y Miguel &#xC1;ngel 7. Bernardo Jaramillo Ossa: El cielo tambi&#xE9;n llor&#xF3; / Bernardo Jaramillo y Nydia Ossa, padres de Bernardo; Quer&#xED;a ser el hombre de la paz / Mariela Barrag&#xE1;n, compa&#xF1;era de Bernardo 8. Familias Reyes Malag&#xF3;n y Reyes Gordillo: Es la guerra que estamos viviendo / Mar&#xED;a Correa, esposa de Jos&#xE9; Ignacio Reyes Gordillo 9. Jaime Pardo Leal: Segaron una vida maravillosa / Gloria Fl&#xF3;rez de Pardo, esposa de Jaime; Sigue valiendo la pena vivir / Fernando Alexey, hijo de Gloria y Jaime 10. Anexo 1: Entrevista a Eric Sottas, Director de la Organizaci&#xF3;n Mundial contra la Tortura 11. Anexo 2: Caso de Genocidio contra el partido pol&#xED;tico de la uni&#xF3;n patri&#xF3;tica en Colombia 12. Anexo 3: Informe N&#xBA;. 5/97 - caso 11.227 sobre admisibilidad - Colombia - 12 de marzo de 1997 13. Anexo 4: Acuerdo suscrito en el marco de la b&#xFA;squeda de una soluci&#xF3;n amistosa ante la Comisi&#xF3;n Interamericana de Derechos Humanos, entre el Gobierno colombiano y los Plan Nacional de Lectura y Escritura Leer es</subfield>
  </datafield>
  <datafield tag="520" ind1="3" ind2=" ">
    <subfield code="a">" Los protagonistas cuentan sus historias con emoci&#xF3;n y franqueza, con dolor y rabia, pero tambi&#xE9;n con guardada esperanza de que los ausentes vivir en la memoria de muchos y los hechos no se olviden"</subfield>
  </datafield>
  <datafield tag="650" ind1="1" ind2="4">
    <subfield code="a">Genocidio</subfield>
  </datafield>
  <datafield tag="650" ind1="2" ind2="4">
    <subfield code="a">Uni&#xF3;n Patriotica</subfield>
    <subfield code="x">Historia</subfield>
    <subfield code="z">Colombia</subfield>
  </datafield>
  <datafield tag="650" ind1="2" ind2="4">
    <subfield code="a">Conflictos sociales</subfield>
  </datafield>
  <datafield tag="650" ind1="2" ind2="4">
    <subfield code="a">Violencia pol&#xED;tica</subfield>
  </datafield>
  <datafield tag="999" ind1=" " ind2=" ">
    <subfield code="c">11117</subfield>
    <subfield code="d">11117</subfield>
  </datafield>
  <datafield tag="952" ind1=" " ind2=" ">
    <subfield code="0">0</subfield>
    <subfield code="1">0</subfield>
    <subfield code="2">ddc</subfield>
    <subfield code="4">0</subfield>
    <subfield code="7">0</subfield>
    <subfield code="8">GEN</subfield>
    <subfield code="a">BPMOS</subfield>
    <subfield code="b">BPMOS</subfield>
    <subfield code="d">2020-01-20</subfield>
    <subfield code="i">NT</subfield>
    <subfield code="l">3</subfield>
    <subfield code="m">4</subfield>
    <subfield code="o">364.151 C15</subfield>
    <subfield code="p">MOS018642</subfield>
    <subfield code="r">2025-07-29</subfield>
    <subfield code="s">2025-07-07</subfield>
    <subfield code="t">ej.1</subfield>
    <subfield code="w">2020-01-20</subfield>
    <subfield code="y">BK</subfield>
    <subfield code="z">Ocho d&#xED;as</subfield>
  </datafield>
  <datafield tag="952" ind1=" " ind2=" ">
    <subfield code="0">0</subfield>
    <subfield code="1">0</subfield>
    <subfield code="2">ddc</subfield>
    <subfield code="4">0</subfield>
    <subfield code="7">0</subfield>
    <subfield code="8">MUL</subfield>
    <subfield code="a">BPMOS</subfield>
    <subfield code="b">BPMOS</subfield>
    <subfield code="d">2020-01-20</subfield>
    <subfield code="i">NT</subfield>
    <subfield code="l">0</subfield>
    <subfield code="o">364.151 C15</subfield>
    <subfield code="o">cd.1 </subfield>
    <subfield code="p">MOS018864</subfield>
    <subfield code="r">2021-01-05</subfield>
    <subfield code="t">ej.1</subfield>
    <subfield code="w">2020-01-20</subfield>
    <subfield code="y">CDROM</subfield>
    <subfield code="z">Tres d&#xED;as</subfield>
  </datafield>
</record>
